Report (Record no. 391156)

000 -LEADER
fixed length control field 00307cam a22001097a 4500
008 - FIXED-LENGTH DATA ELEMENTS--GENERAL INFORMATION
fixed length control field 180718b1949 xxu||||| |||| 00| 0 eng d
082 ## - DEWEY DECIMAL CLASSIFICATION NUMBER
Classification number B12x42 Un3r
100 ## - MAIN ENTRY--PERSONAL NAME
Personal name United Kingdom. Royal Commission on Population
245 ## - TITLE STATEMENT
Title Report
260 ## - PUBLICATION, DISTRIBUTION, ETC.
Place of publication, distribution, etc. London
Name of publisher, distributor, etc. Her Majesty's Stationery Office
Date of publication, distribution, etc. 1949
300 ## - PHYSICAL DESCRIPTION
Extent 259p.
Holdings
Withdrawn status Lost status Damaged status Not for loan Permanent Location Current Location Date acquired Full call number Barcode Date last seen Price effective from Koha item type
        Indian Institute of Public Administration Indian Institute of Public Administration 2000-01-22 B12x42 Un3r 6904 2018-07-21 2018-07-21 Book
        Indian Institute of Public Administration Indian Institute of Public Administration 2000-02-23 B12x42 Un3/R 4055 2018-07-21 2018-07-21 Book

Powered by Koha